000 00405nam a2200145 a 4500
008 030618s1974||||xx 0 und c
040 _aSNK
_bslo
_cSNK
_eAACR2
245 1 0 _aDiplomatickí kuréri
_bčrty o prvých sovietskzch diplomatických kuriéroch
250 _a1. vyd.
260 _aBratislava
_bNakladateľstvo Pravda
_c1974
300 _a299 s.
020 _c20
041 _aslo
044 _axo
_cSK
999 _c10377
_d10377